| 000 | 01158nam a2200277Ma 4500 | ||
|---|---|---|---|
| 005 | 20140903175109.0 | ||
| 008 | 1406 s2010 fr ao fr 001 0 fre d | ||
| 020 | _a2753510237 | ||
| 020 | _a9782753510234 | ||
| 040 |
_aCO-BoUCM _bspa _cJose A. Gerena _dJose A. Gerena |
||
| 041 | 0 | _afre | |
| 100 | 1 |
_aChevallier, Fabienne _962075 |
|
| 245 | 1 | 3 |
_aLe Paris moderne _bhistoire des politiques d'hygiène (1855-1898) _cFabienne Chevallier |
| 260 |
_aRennes (Francia) _bPresses Universitaires de Rennes _c2010 |
||
| 300 |
_a410 páginas _bilustraciones, fotografías |
||
| 490 | 0 | _aArt & Société | |
| 504 | _aIncluye referencias bibliográficas e índices | ||
| 650 | 7 |
_aHigiene pública _zParís (Francia) _xHistoria _y1855-1898 _916835 |
|
| 650 | 7 |
_aHistoria _zParís (Francia) _y1855-1898 _97695 |
|
| 650 | 7 |
_aSalud pública _zParís (Francia) _xHistoria _y1855-1898 _98073 |
|
| 650 | 7 |
_aVivienda y salud _zParís (Francia) _xHistoria _y1855-1898 _926347 |
|
| 651 |
_aParís (Francia) _xHistoria _xHigiene pública _y1855-1898 _962076 |
||
| 690 |
_942846 _aHistoria de Europa |
||
| 942 |
_a21 _cLIBRO _e1 _mC527p _2DEWEY _h944 |
||
| 999 |
_c242420 _d242420 |
||